000 00533cam a2200205ua 4500
001 2624
008 150210n ii |||gr||||Z||||||asm
040 _cMAIN
041 _aasm
082 _a491.451
100 _aSharma, Naib Chandra,
_eAuthor.
245 _aAsamiya bhasa aru sahityar ruprekha
_cby Nabin Chandra Sharma
250 _a1st.
260 _aGuahati:
_bBani rakash,970.
300 _a144p:
_c23cm.
653 _aLanguage
653 _aAssamese language
653 _aAsamiya bhasa aru sahityar ruprekha
942 _cBK
999 _c2475
_d2475